<The> Women, Peace and Security Agenda: The Unfinished Story of Feminist, Revolution versus Compromise in Global Politics

Rezolúcia Bezpečnostnej rady OSN o ženách, mieri a bezpečnosti prijatá v roku 2000. Dynamická vedecká debata medzi dvomi feministickými skupinami - medzi radikálnou revolučnou skupinou a pragmatickou zdôrazňujúcou kompromis k existujúcej správe mieru a bezpečnosti.

Na minha lista:
Detalhes bibliográficos
Autor principal: O`Sullivan, Míla
Formato: Capítulo de Livro
Idioma:inglês
Assuntos:
Tags: Adicionar Tag
Sem tags, seja o primeiro a adicionar uma tag!

MARC

LEADER 00000naa a2200000 4500
001 0267113
005 20200716092032.8
041 0 |a eng 
044 |a CZ 
245 1 0 |a <The> Women, Peace and Security Agenda: The Unfinished Story of Feminist, Revolution versus Compromise in Global Politics  |c Míla O`Sullivan 
520 |a Rezolúcia Bezpečnostnej rady OSN o ženách, mieri a bezpečnosti prijatá v roku 2000. Dynamická vedecká debata medzi dvomi feministickými skupinami - medzi radikálnou revolučnou skupinou a pragmatickou zdôrazňujúcou kompromis k existujúcej správe mieru a bezpečnosti. 
610 2 0 |a bezpečnosť 
610 2 0 |a mier 
610 2 0 |a politika medzinárodná 
610 2 0 |a vzťahy medzinárodné 
610 2 0 |a ženy 
610 2 0 |a revolúcia 
610 2 0 |a kompromis 
100 1 |a O`Sullivan, Míla